01063nam a2200157Ia 4500008004100000041001200041245002100053260001400074440000600088500001100094510034900105650025600454942000700710999001900717952016900736231221s9999 xx 000 0 und d aEnglish 0aPC Quest (2001 - cNov, 2001 aI a#NAME? aTotal reorder, MP3 rage Audioedit deluxe Mplayman, Limewire and more, Visual Fx adobe after effect 5 Dreamsuite series 1 photomodeler lite 3.1. games, Partician 11, adrenix, Hard core 1 World of fighting 1.2 Age of empire11 Rip to MP3 S+ 10 system utilities, Perl editor XML@Wiz mobile internet toolkit win regi- stry guide Microsoft Speech SDK aTotal reorder, MP3 rage Audioedit deluxe Mplayman, Limewire and more, Visual Fx adobe after effect 5 Dreamsuite series 1 photomodeler lite 3.1. games, Partician 11, adrenix, Hard core 1 World of fighting 1.2 Age of empire11 Rip to MP3 S+ 10 system uti cCD c202256d202256 r2024-01-26 00:00:00l0pCD486w2024-01-26yCD1040708CL00aMLbMLd0000-00-00eLBPD- L.B. Publishers & Distributors Pvt. Ltd.EMCAL17/08/2009GRS1FSB133V0W0